Kiswahili na uchumi wa kidigitali: (Record no. 22797)

MARC details
000 -LEADER
fixed length control field 00687nam a22001697a 4500
003 - CONTROL NUMBER IDENTIFIER
control field KenMUT
005 - DATE AND TIME OF LATEST TRANSACTION
control field 20250530164838.0
008 - FIXED-LENGTH DATA ELEMENTS--GENERAL INFORMATION
fixed length control field 250519b |||||||| |||| 00| 0 eng d
020 ## - INTERNATIONAL STANDARD BOOK NUMBER
International Standard Book Number 9789966263605
040 ## - CATALOGING SOURCE
Transcribing agency MUT
050 ## - LIBRARY OF CONGRESS CALL NUMBER
Classification number PL 8855
Item number .K57 2024
245 ## - TITLE STATEMENT
Title Kiswahili na uchumi wa kidigitali:
Remainder of title Makala teule zilizowasilishwa katika kongamano la CHAKITA 2024.
260 ## - PUBLICATION, DISTRIBUTION, ETC.
Place of publication, distribution, etc. Eldoret,
Name of publisher, distributor, etc. Kenya Utafiti Foundation
Date of publication, distribution, etc. 2024.
650 ## - SUBJECT ADDED ENTRY--TOPICAL TERM
Topical term or geographic name entry element Swahili language
Form subdivision economic aspects
-- digital economy
-- swahili language
-- social aspects.
Chronological subdivision Africa
700 ## - ADDED ENTRY--PERSONAL NAME
Personal name Simiyu, Fred
942 ## - ADDED ENTRY ELEMENTS (KOHA)
Source of classification or shelving scheme Library of Congress Classification
Koha item type Books
Suppress in OPAC No
Holdings
Withdrawn status Lost status Source of classification or shelving scheme Damaged status Not for loan Home library Current library Shelving location Date acquired Source of acquisition Total checkouts Full call number Barcode Date last seen Price effective from Koha item type
    Library of Congress Classification   Not for loan Murang'a University of Technology Library Murang'a University of Technology Library ShortLoan Sect. 19/05/2025 Purchase   PL 8855 .K57 2024 031853 19/05/2025 19/05/2025 Short Loan Books